[Event "Bruges Masters op"]
[Site "Bruges"]
[Date "2015.08.24"]
[Round "1"]
[White "Maenhout, Thibaut"]
[Black "Demey, Benno"]
[Result "1-0"]
[WhiteElo "2371"]
[BlackElo "1660"]
[PlyCount "36"]
[EventDate "2015.08.24"]
[EventType "swiss"]
[EventRounds "9"]
[EventCountry "BEL"]
[SourceTitle "EXT 2016"]
[Source "ChessBase"]
[SourceDate "2015.10.08"]
[SourceVersion "1"]
[SourceVersionDate "2015.10.08"]
[SourceQuality "1"]

1. e4 c5 2. Nf3 e6 3. d3 d5 4. Qe2 Nc6 5. g3 Be7 6. Bg2 Nf6 7. 0-0 h6 8. c3 dxe4 9. dxe4 e5 10. Rd1 Qc7 11. h3 Be6 12. Na3 0-0 13. Nh2 Rfd8 14. Rxd8+ Rxd8 15. Nf1 a6 16. g4 b5 17. Ng3 Nh7 18. Nf5 Bg5 1-0